Представление документа в формате MARC21

Поле Инд. ПП Название Значение
Тип записи a
Библиографический уровень m
001 Контрольный номер RU/IS/BASE/261757773
005 Дата корректировки 20260126080025.0
008 Кодируемые данные 20080417
022 0_ a ISSN 0579-9384 (print); 1728-2101 (online)
041 0_ a Код языка текста rus
084 a Индекс другой классификации/Индекс ББК 24
090 a Полочн. индекс 95.4+24
097 00 a 110
245 00 a Заглавие Вестник Московского университета. Серия 2, Химия
b Продолж. заглавия научный журнал
c Ответственность учредитель: МГУ им. М. В. Ломоносова. Химический факультет; главный редактор В. В. Лунин
n Номер части/ раздела №6/2007
260 00 a Место издания Москва
b Издательство Издательство Московского университета
c Дата издания 2007
300 a Объем 72 с.
500 a Примечание Журнал
504 00 a Библиография Указ. авт. и ст. за 2007 г. в №6
505 0_ a Форматированное содержание Давление пара и теплоемкость перфтор-N-(4-метилциклогексил)пиперидина
b Автор Дружинина А. И.
b Автор Ефимова А. А.
b Автор Варущенко Р. М.
505 0_ a Форматированное содержание Теплоемкость и термодинамические функции ферроценилметанола
b Автор Кроль О. В.
b Автор Дружинина А. И.
b Автор Варущенко Р. М.
b Автор Дорофеева О. В.
b Автор Решетова М. Д.
b Автор Борисова Н. Е.
505 0_ a Форматированное содержание Оценка возможного вклада регуляризации структуры слоя адсорбента в сокращение габаритов адсорбера в процессах адсорбционного газоразделения
b Автор Зеленко В. Л.
b Автор Хейфец Л. И.
505 0_ a Форматированное содержание Рефолдинг гексагистидинсодержащей органофосфатгидролазы из телец включения
b Автор Гудков Д. А.
b Автор Ефременко Е. Н.
505 0_ a Форматированное содержание Количественный анализ таблеток и сиропа "Коделак бронхо" методами высокоэффективной жидкостной хроматографии
b Автор Голубицкий Г. Б.
b Автор Иванов В. М.
505 0_ a Форматированное содержание Сравнительная характеристика двух способов концентрирования селена (IV) на ртутно-пленочном электроде с использованием автоматической системы замены растворов без размыкания цепи
b Автор Осипова Е. А.
b Автор Шишмарев Д. С.
b Автор Зайцев Н. К.
505 0_ a Форматированное содержание Реакции радикальной полимеризации как индикаторные для определения органических соединений
b Автор Беклемишев М. К.
b Автор Николаев И. В.
b Автор Беляева Л. Ю.
505 0_ a Форматированное содержание Окисление поверхности массивного золота и исследование методом рентгеновской фотоэлектронной спектроскопии состояний кислорода в составе оксидных слоев
b Автор Стадниченко А. И.
b Автор Кощеев С. В.
b Автор Боронин А. И.
650 04 a Основная рубрика химия
653 0_ a Ключевые слова адсорбенты
a Ключевые слова белок
a Ключевые слова высокоэффективная жидкостная хроматография (ВЭЖХ)
a Ключевые слова газовая адсорбция
a Ключевые слова газовые смеси
a Ключевые слова давление пара
a Ключевые слова кислород
a Ключевые слова количественный анализ
a Ключевые слова окисление
a Ключевые слова органические соединения
a Ключевые слова полимеризация
a Ключевые слова разделение
a Ключевые слова рентгеновская спектроскопия
a Ключевые слова рефолдинг
a Ключевые слова селен
a Ключевые слова структура белка
a Ключевые слова тельца включения
a Ключевые слова теплоемкость
a Ключевые слова термодинамические функции
a Ключевые слова химические реакции
773 18 w Контрольный № источника RU/IS/BASE/387293746
901 t Тип документа s
952 a Тип литературы для КСУ ВШ НЖ